|
|
|
|
| LEADER |
00000nab a2200000 a 4500 |
| 001 |
vtls009522917 |
| 003 |
SK-MaSNL |
| 005 |
20260305031554.0 |
| 008 |
250507 2009 xo || |||| ||slo |
| 015 |
|
|
|a SNBRB2009/06
|2 snkbucl
|
| 035 |
|
|
|a (uuid)aad18e67-79bf-411f-9b37-044381d00f26
|
| 035 |
|
|
|a urn:nbn:sk:snk-ab14h8
|
| 035 |
|
|
|a (urnnbn)urn:nbn:sk:snk:ar-a04m0a
|
| 038 |
|
|
|a SNKBUCL
|
| 040 |
|
|
|a SNKBUCL
|b slo
|c SNKBUCL
|e AACR2
|
| 041 |
0 |
|
|a slo
|
| 044 |
|
|
|a xo
|c SK
|
| 080 |
|
|
|a 633.491:551.583
|x (437.6)
|2 2001
|
| 100 |
1 |
|
|a Tokár, Marián
|4 aut
|9 618860
|
| 245 |
1 |
0 |
|a Vplyv klimatických zmien na pestovanie zemiakov
|c Marián Tokár
|
| 300 |
|
|
|b Fotogr., grafy
|
| 650 |
0 |
7 |
|a zemiaky
|2 snkbucl
|9 2709
|
| 650 |
0 |
7 |
|a klimatické zmeny
|2 snkbucl
|9 3351
|
| 650 |
0 |
7 |
|a pestovanie poľných rastlín
|2 snkbucl
|9 31784
|
| 650 |
0 |
7 |
|a poľné pokusy
|2 snkbucl
|9 334094
|
| 651 |
|
7 |
|a Spišká Belá (Slovensko)
|2 snkbucl
|9 401177
|
| 651 |
|
7 |
|a Kežmarok (Slovensko : okres)
|2 snkbucl
|9 51824
|
| 773 |
0 |
|
|t Naše pole
|g Roč. XIII, č. 6 (2009), s. 34-35
|x 1335-2466
|
| 850 |
|
|
|a Slovenská národná knižnica
|
| 852 |
|
|
|a Slovenská národná knižnica
|
| 954 |
|
|
|a odborná, vedecká literatúra pôvodná (slovenská)
|2 lita
|
| 958 |
|
|
|a article27
|
| 958 |
|
|
|a SK
|
| 958 |
|
|
|a OND
|
| 958 |
|
|
|a EUIPO
|
| 999 |
|
|
|c 3316639
|d 3318569
|